El libro de las virtudes

সংরক্ষণ করুন:
গ্রন্থ-পঞ্জীর বিবরন
প্রধান লেখক: Bennett, William J (Author)
বিন্যাস: গ্রন্থ
ভাষা:স্প্যানিশ
প্রকাশিত: Barcelona Ediciones B 2011
সংস্করন:1a. ed
বিষয়গুলি:
ট্যাগগুলো: ট্যাগ যুক্ত করুন
কোনো ট্যাগ নেই, প্রথমজন হিসাবে ট্যাগ করুন!

MARC

LEADER 00000cam a2200000 a 4500
001 UCG9804
003 CL-VaPUC
008 120405e20110200SP |||||||||||||||||spa|d
020 |a 9788466646277 
082 0 4 |a 808.068  |b BEN  |2 21 
100 0 |a Bennett, William J  |e author  |9 561503 
245 1 3 |a El libro de las virtudes 
250 |a 1a. ed 
300 |a 712 p 
942 |c BK 
945 |d 20120405 00:00:00  |a dcastane 
260 |a Barcelona  |b Ediciones B  |c 2011 
650 0 |a Literatura juvenil   |9 309909 
650 0 |a Antologías  |9 309836 
650 7 |a RECOPILACIONES, REPERTORIOS, ETC  |2 CL-VaPUC  |9 403392 
650 0 |a Virtud y vicio  |9 310637 
650 0 |a Educación moral  |9 308319 
583 |a last modification  |c 20170612 04:59:31  |k Rodrigo Vera 
999 |c 347346  |d 347344 
952 |0 0  |1 0  |4 0  |6 808_068000000000000_BEN_2011  |7 0  |8 A  |9 448609  |a BIBING  |b BIBING  |d 2019-11-22  |i 4852699  |l 1  |o 808.068 BEN 2011  |p 4852699  |r 2025-01-20  |s 2023-03-08  |w 2019-11-22  |y BK  |k CUI